000 00640nam a2200241Ia 4500
003 OSt
005 20221005133520.0
006 a|||||r|||| 00| 0
007 ta
008 221004b |||||||| |||| 00| 0 eng d
024 _a70156
037 _cTextual
040 _aCRL
_cCRL
_beng
041 _2eng
_aeng
082 _aY112:7:7, K4
110 _aUNESCO
245 0 _aYouth and peace
_b Some ways of promoting among young people the ideals of peace and international understanding
260 _c1964
650 _aSOCIOLOGY
700 _aUNESCO
942 _hY112:7:7, K4
_cTEXL
_2cc
999 _c1067066
_d1067066